Specifications for filing forms 1042-S, foreign person's U.S. source income subject to withholding, electronically or magnetically.

Bibliographic Details
Uniform Title:Specifications for filing forms 1042-S, foreign person's U.S. source income subject to withholding, electronically or magnetically (Online)
Corporate Author: United States. Internal Revenue Service
Format: Government Document Serial
Language:English
Published: [Washington, D.C.?] : Dept. of the Treasury, Internal Revenue Service.
Series:Publication (United States. Internal Revenue Service) ; 1187.
Subjects:
Online Access:Latest issue only

MARC

Tag First Indicator Second Indicator Subfields
LEADER 00000cas a2200000 a 4500
001 in00002013339
005 20211202185150.0
006 m d f
007 cr mn-
008 041001cuuuu9999dcu x sf f0 0eng c
010 |a  2004232079 
035 |a (OCoLC)ocm56611834 
037 |b Paper version available from: Eastern Area Distribution Center, P.O. Box 85074, Richmond, VA 23261-5074 
040 |a GPO  |c GPO  |d DLC  |d MvI  |d UtOrBLW 
042 |a lcd 
043 |a n-us--- 
049 |a WWW 
074 |a 0964-B (online) 
086 0 |a T 22.44/2:1187 
088 |a 47024M 
130 0 |a Specifications for filing forms 1042-S, foreign person's U.S. source income subject to withholding, electronically or magnetically (Online) 
245 1 0 |a Specifications for filing forms 1042-S, foreign person's U.S. source income subject to withholding, electronically or magnetically. 
264 1 |a [Washington, D.C.?] :  |b Dept. of the Treasury, Internal Revenue Service. 
310 |a Irregular 
336 |a text  |b txt  |2 rdacontent 
337 |a computer  |b c  |2 rdamedia 
338 |a online resource  |b cr  |2 rdacarrier 
490 1 |a Publication ;  |v 1187 
538 |a Mode of access: Internet at the IRS web site. Address of latest issue as of 9/30/04: http://www.irs.gov/pub/irs-pdf/p1187.pdf; current access available via PURL. 
500 |a "Rev. Proc. 2003-83." 
500 |a "Reprinted from IR Bulletin 2003-47, dated ... ." 
500 |a "Catalog Number 47024M." 
500 |a Description based on: Revised 12-2003; title from title screen (viewed on Sept. 30, 2004). 
530 |a Online version of the print publication. 
500 |a Electronic resource. 
650 0 |a Aliens  |x Taxation  |z United States  |v Handbooks, manuals, etc. 
650 0 |a Electronic filing of tax returns  |z United States  |v Handbooks, manuals, etc. 
650 0 |a Taxation collection  |z United States  |x Data processing  |v Handbooks, manuals, etc. 
710 1 |a United States.  |b Internal Revenue Service. 
830 0 |a Publication (United States. Internal Revenue Service) ;  |v 1187. 
856 4 0 |3 Latest issue only  |u https://purl.fdlp.gov/GPO/LPS54365  |t 0 
999 |a MARS 
999 f f |s 319b397f-f938-3cc2-bc05-15265a39a3b6  |i db43c414-d285-3a1a-8419-9515ba29abc5  |t 0 
952 f f |a Texas A&M University  |b College Station  |c Electronic Resources  |d Available Online  |t 0  |e T 22.44/2:1187  |h Superintendent of Documents classification 
998 f f |a T 22.44/2:1187  |t 0  |l Available Online